[Event "3rd Yerevan Open-A 2021"]
[Site "Yerevan"]
[Date "2021.10.20"]
[Round "7.10"]
[White "Goganov, Aleksey"]
[Black "Petriashvili, Nikoloz"]
[Result "1-0"]
[WhiteElo "2557"]
[BlackElo "2432"]
[Annotator "TA"]
[PlyCount "93"]
[EventDate "2021.10.14"]
[EventType "swiss"]
[EventCountry "ARM"]
[SourceTitle "playchess.com"]
[Source "ChessBase"]
[SourceQuality "1"]

{[%evp 9,93,13,17,11,24,11,34,29,25,35,25,32,23,12,24,-12,-17,-16,77,23,36,44,113,113,119,112,161,110,105,96,120,106,98,93,145,89,111,90,108,90,116,58,64,68,96,19,36,8,22,0,146,144,147,131,133,128,132,132,120,131,138,147,223,201,395,395,383,392,339,70,78,32,566,588,2399,2162,29965,29953,29975,29976,29976,29976,29981,29982,29982,29983]} 1. e4 c6 2. d4 d5 3. e5 Bf5 4. Nd2 e6 5. Nb3 Qc7 6. Nf3 {B12: Caro-Kann: Advance Variation.} Nd7 7. Be2 Ne7 8. O-O {White is slightly better.} h6 9. Bd2 a5 10. a4 g5 11. h3 $5 {[%mdl 4] Exploring less charted territory.} Bg7 {[#]} 12. Nh2 $5 $146 {[%mdl 8] An interesting novelty.} ({Predecessor:} 12. c3 O-O 13. Be3 f6 14. exf6 Rxf6 15. Re1 Rf7 16. Nh2 b6 17. Nd2 e5 18. dxe5 Nxe5 {0-1 (51) Wilczek,T (2599)-Wunderlich,H (2648) ICCF email 2012}) 12... c5 13. c3 b6 (13... c4 $11 14. Nc1 O-O) 14. Rc1 (14. Bb5 $16) 14... Bg6 15. f4 gxf4 (15... c4 $14) 16. Bxf4 $16 Qb7 17. Nf3 Nf5 18. Qd2 ({Better is} 18. Bb5 $18) 18... c4 19. Na1 b5 20. b3 Nb6 21. axb5 Qd7 (21... a4 $142) 22. Qa2 (22. bxc4 $142 {c5 is the strong threat.} dxc4 23. Nc2) 22... Qxb5 23. bxc4 dxc4 24. Nd2 $1 Rc8 25. Nab3 a4 $14 26. Nc5 Rxc5 27. dxc5 (27. Rb1 $1 $16 {[%cal Rb1b5]} Qc6 28. dxc5 Qxc5+ 29. Rf2) 27... Qxc5+ $11 {[%mdl 64] Double Attack} 28. Rf2 {[%cal Rd2c4]} Ne3 29. Bf3 Ned5 (29... O-O $1 $11 {remains equal.}) 30. Bxd5 $16 {[%mdl 64] Overworked Piece} Qxd5 31. Be3 $36 {[%mdl 2048] White is in control.} Nd7 32. Qxa4 Bd3 33. Rf4 {Black must now prevent Rd4.} Bxe5 34. Rxc4 Bxc4 35. Nxc4 {aiming for Rd1.} Rg8 (35... O-O $16) 36. g4 $18 {And now Rd1! would win.} Kf8 $2 (36... f6) 37. Rd1 Qf3 38. Bxh6+ (38. Qxd7 Qg3+ 39. Kf1 Qf3+ 40. Ke1 (40. Kg1 Qg3+ 41. Kf1 Qf3+ 42. Ke1 Bxc3+ 43. Rd2 Bxd2+ 44. Kxd2 Qg2+ 45. Kc1 Qf1+ 46. Kd2 Qg2+ 47. Ke1 Qh1+ 48. Ke2 Qg2+ 49. Ke1 Qh1+ 50. Ke2 Qg2+ 51. Ke1 $14) 40... Bxc3+ 41. Rd2 Bxd2+ 42. Kxd2 Qg2+ 43. Ke1 Qh1+ 44. Ke2 Qg2+ 45. Ke1 Qh1+ 46. Kd2 Qg2+ 47. Ke1 $14) (38. Rxd7 Rg5 $18) 38... Rg7 {Threatens to win with ...Qg3+.} 39. Qc2 $2 (39. Rxd7 Bh2+ 40. Kxh2 Qf2+ 41. Kh1 Qf1+ 42. Kh2 Qf2+ 43. Kh1 Qf1+ 44. Kh2 Qf2+ $11) (39. Qxd7 $18 {[%cal Rd7d8]} Qg3+ 40. Kf1 Qf3+ 41. Ke1 Bxc3+ 42. Rd2 $1 {[%mdl 512]}) 39... Qxh3 $14 (39... Qg3+ $2 40. Qg2 $18) 40. Bxg7+ ({Don't blunder} 40. Rxd7 $2 Qxg4+ 41. Kf2 Qh4+ 42. Ke2 Qh5+ 43. Kf1 Qxh6 $19) 40... Kxg7 $4 {[%mdl 8192] [#] This costs Black the game.} (40... Bxg7 $14 41. Rxd7 Qg3+ 42. Qg2 Qe1+ 43. Kh2 Qh4+ 44. Kg1 Qe1+ 45. Kh2 Qh4+ 46. Qh3 Qf2+ 47. Qg2 Qh4+) 41. Qf2 $1 $18 ({And not} 41. Rxd7 Qg3+ 42. Kf1 (42. Qg2 Qe1+ 43. Qf1 Qg3+ {[%mdl 64] Double Attack} 44. Qg2 Qe1+ 45. Qf1 Qg3+ {[%mdl 64] Double Attack} 46. Qg2 $11) 42... Qf4+ 43. Ke1 Qxc4 $14) 41... Kh8 42. Rxd7 Qxg4+ 43. Qg2 {White mates.} Qxc4 {[#]} 44. Rd8+ $1 Kh7 45. Qh3+ Kg7 46. Qh8+ Kg6 47. Rg8+ {Weighted Error Value: White=0.23/Black=0.54} 1-0

[Event "3rd Yerevan Open-A 2021"]
[Site "Yerevan"]
[Date "2021.10.20"]
[Round "7.11"]
[White "Pultinevicius, Paulius"]
[Black "Golubka, Petro"]
[Result "1-0"]
[WhiteElo "2552"]
[BlackElo "2438"]
[Annotator "TA"]
[PlyCount "127"]
[EventDate "2021.10.14"]
[EventType "swiss"]
[EventCountry "ARM"]
[SourceTitle "playchess.com"]
[Source "ChessBase"]
[SourceQuality "1"]

{[%evp 11,127,33,38,29,63,57,74,-45,75,41,62,47,92,39,43,14,24,21,20,0,21,19,25,20,25,16,47,39,41,29,41,49,54,31,166,170,177,190,177,175,166,166,191,174,189,163,197,204,228,224,230,229,306,239,252,222,241,243,232,205,229,212,220,236,285,243,283,185,457,451,448,391,377,371,374,227,218,210,212,218,211,211,211,211,211,212,263,260,275,256,283,276,379,389,362,265,347,339,322,304,285,285,397,393,391,381,433,408,409,358,376,387,12844,12844,12845,12845,12845,12846]} 1. c4 c6 2. Nf3 d5 3. d4 Nf6 4. Qc2 Bg4 5. Ne5 e6 6. Nxg4 Nxg4 7. Nc3 $5 {[%mdl 4] Exploring less charted territory. D11: Slav Defence: 3 Nf3 sidelines and 3...Nf6 4 e3 Bg4.} Nd7 8. cxd5 exd5 {[#]} 9. Bf4 $146 {[#]} (9. f3 $1 $16 {[%cal Rf3g4]} Ngf6 10. e4) ({Predecessor:} 9. e4 dxe4 10. Qxe4+ Qe7 11. Qxe7+ Bxe7 12. Be2 Ngf6 13. Bf3 Nb6 14. O-O {½-½ (14) Garcia Gonzales,G (2500)-Sveshnikov,E (2535) Sochi 1986}) 9... Be7 (9... Nxf2 $1 $15 {keeps the upper hand.} 10. Kxf2 Qf6) 10. e3 (10. f3 $5 {[%cal Rf3g4]} Ngf6 11. g3 $11) 10... O-O 11. Bd3 g6 12. h3 (12. O-O-O $16) 12... Ngf6 $14 13. O-O Re8 14. Rab1 a6 15. Na4 Nh5 16. Bh2 a5 17. a3 Ra7 18. Nc3 Nb6 19. g4 Nf6 20. Kg2 Bd6 21. Bg1 Nbd7 22. f3 {Strongly threatening e4.} c5 {A mistake that costs the game.} (22... Nf8 $1 $14) 23. Nb5 $36 {[%mdl 2112] Double Attack. Keeping Black busy.} Ra6 24. Nxd6 Rxd6 25. dxc5 Rde6 26. b4 axb4 27. axb4 ({Don't do} 27. Rxb4 $6 Rc6 $16) 27... Ne5 28. Bb5 R8e7 29. Rbd1 Nc6 30. Qd2 Qe8 31. Bf2 h5 32. Rde1 Qf8 33. Bg3 Qh6 34. Bf4 g5 35. Bd6 Re8 36. Re2 Kg7 37. Kg1 Rh8 {Black wants to play ...hxg4.} 38. gxh5 Qxh5 39. Rg2 Ne5 $2 (39... Ne8) 40. e4 Ng6 41. exd5 Rxd6 42. cxd6 Qxh3 {intending ...Qh1+.} 43. Qxg5 {Hoping for d7!} Rh5 44. Qg3 Qxg3 45. Rxg3 {Threatens to win with Bc6.} Rxd5 {[#]} 46. d7 $1 Nxd7 47. Bxd7 Rxd7 {[%mdl 4096] Endgame KRR-KRN} 48. Rg5 Kf6 49. Rb5 Ne5 50. Kg2 Nc6 51. Rc1 Rd2+ 52. Kg3 Rd7 53. Rb6 {And now b5 would win.} Kf5 54. Rc5+ Ne5 55. Rc3 f6 56. Kf2 Nc6 57. Rc5+ Kg6 58. Rcb5 Nd8 59. f4 Rd3 60. Ke2 Rd4 61. Ke3 Rc4 $2 (61... Rd7 62. Ke4 Rc7) 62. Rg5+ {White is clearly winning.} Kf7 63. Rc5 Rxc5 64. bxc5 {Weighted Error Value: White=0.20/Black=0.32} 1-0

[Event "3rd Yerevan Open-A 2021"]
[Site "Yerevan"]
[Date "2021.10.20"]
[Round "7.12"]
[White "Pranav Anand"]
[Black "Chanda, Sandipan"]
[Result "1-0"]
[WhiteElo "2430"]
[BlackElo "2543"]
[Annotator "TA"]
[PlyCount "67"]
[EventDate "2021.10.14"]
[EventType "swiss"]
[EventCountry "ARM"]
[SourceTitle "playchess.com"]
[Source "ChessBase"]
[SourceQuality "1"]

{[%evp 15,67,41,41,35,55,44,41,35,39,23,31,20,78,70,72,59,80,80,80,80,99,100,106,88,275,287,277,286,286,288,348,347,345,343,343,343,343,350,349,339,352,363,426,427,535,556,544,442,408,447,471,443,413,427]} 1. d4 f5 2. c4 Nf6 3. Nf3 g6 4. g3 Bg7 5. Bg2 O-O 6. O-O e6 7. Nc3 d5 8. Bf4 c6 9. e3 {[#] A87: Dutch Defence: Leningrad System: 5 Nf3.} Ne4 $146 ({Predecessor:} 9... Nbd7 10. Rc1 Ne4 11. Qc2 Qe7 12. Rfd1 Re8 13. Bf1 h6 14. a3 g5 15. Bc7 Ndf6 16. Be5 Ng4 17. Bxg7 Qxg7 18. Nxe4 fxe4 {0-1 (38) Yakubboev,N (2592)-Sandipan,C (2545) Mumbai 2020}) 10. Qb3 Nd6 11. cxd5 {White is slightly better.} exd5 12. h4 Nf7 13. Ng5 {[%cal Rc3d5] Hoping for Nxd5.} Nxg5 (13... h6 $11 14. Nxf7 Rxf7) 14. Bxg5 Qb6 15. Na4 Qxb3 16. axb3 {[%cal Ba2b3,Bb3b4][%mdl 32] Threatens to win with Nb6!} Nd7 17. Rfc1 Re8 {[#]} 18. b4 $1 {[%cal Rb4b5] b5! is the strong threat.} a6 19. Bf4 b5 $2 {This move loses the game for Black.} (19... Kh8 $16) 20. Rxc6 $18 bxa4 21. Bxd5+ Kh8 {next ...Bb7 is good for Black.} 22. Rc7 Nb6 23. Bxa8 Nxa8 {[#]} 24. Ra7 {[%cal Ra7a8]} Nb6 25. Rc1 Kg8 26. Rcc7 Bf6 27. Rxh7 Nd5 28. Bd6 Be6 29. Rhb7 Rd8 30. Bc5 Kh8 31. Kf1 Kg8 32. Ke1 Kh8 33. Kd2 Kg8 34. f3 {Weighted Error Value: White=0.06/Black=0.25} 1-0

[Event "3rd Yerevan Open-A 2021"]
[Site "Yerevan"]
[Date "2021.10.21"]
[Round "8.1"]
[White "Puranik, Abhimanyu"]
[Black "Sivuk, Vitaly"]
[Result "1-0"]
[WhiteElo "2568"]
[BlackElo "2529"]
[Annotator "ChessBase"]
[PlyCount "63"]
[EventDate "2021.10.14"]
[EventType "swiss"]
[EventCountry "ARM"]
[SourceTitle "playchess.com"]
[Source "ChessBase"]
[SourceQuality "1"]
[TimeControl "40/5400+30:1800+30"]

1. d4 {[%emt 0:00:24]} Nf6 {[%emt 0:00:31]} 2. Nf3 {[%emt 0:00:23]} e6 {[%emt 0:03:00]} 3. Bf4 {[%emt 0:00:22]} b6 {[%emt 0:00:24]} 4. e3 {[%emt 0:00:51]} Be7 {[%emt 0:02:12]} 5. h3 {[%emt 0:00:24]} O-O {[%emt 0:00:10]} 6. c3 {[%emt 0:02:52]} c5 {[%emt 0:00:13]} 7. a4 {[%emt 0:00:28]} Ba6 {[%emt 0:07:26]} 8. Bb5 {[%emt 0:04:26]} d6 {[%emt 0:00:19]} 9. O-O {[%emt 0:01:38]} cxd4 {[%emt 0:11:23]} 10. exd4 {[%emt 0:00:38]} Bxb5 {[%emt 0:02:46]} 11. axb5 {[%emt 0:00:05]} Nd5 {[%emt 0:00:10]} 12. Bh2 {[%emt 0:00:22]} Nc7 {[%emt 0:00:12]} 13. Qb3 {[%emt 0:08:05]} Nd7 {[%emt 0:08:00]} 14. c4 {[%emt 0:02:11]} Qc8 {[%emt 0:10:22]} 15. Nc3 {[%emt 0:01:27]} Qb7 {[%emt 0:06:37]} 16. Rfe1 {[%emt 0:04:00]} Rfc8 {[%emt 0:01:44]} 17. Nd2 {[%emt 0:05:46]} Bf8 {[%emt 0:00:53]} 18. Nde4 {[%emt 0:21:44]} Ne8 {[%emt 0:00:52]} 19. Ra6 {[%emt 0:03:14]} Ndf6 {[%emt 0:17:15]} 20. Nxf6+ {[%emt 0:02:28]} Nxf6 {[%emt 0:01:11]} 21. Bf4 {[%emt 0:01:42]} Nd7 {[%emt 0:04:20]} 22. Qa2 {[%emt 0:02:16]} Rc7 {[%emt 0:10:17]} 23. Ra1 {[%emt 0:01:53]} Qc8 {[%emt 0:01:08]} 24. b3 {[%emt 0:01:05]} Rb7 {[%emt 0:00:08]} 25. Qe2 {[%emt 0:05:11]} e5 {[%emt 0:03:24]} 26. Be3 {[%emt 0:00:41]} exd4 {[%emt 0:00:20]} 27. Bxd4 {[%emt 0:00:04]} Nc5 {[%emt 0:00:08]} 28. Bxc5 {[%emt 0:01:02]} dxc5 {[%emt 0:00:08]} 29. Nd5 {[%emt 0:01:05]} Qd7 {[%emt 0:00:54]} 30. Nxb6 {[%emt 0:02:05]} Qe8 {[%emt 0:05:32]} 31. Qxe8 {[%emt 0:00:28]} Rxe8 {[%emt 0:00:04]} 32. Nd5 {[%emt 0:00:04]} 1-0

[Event "3rd Yerevan Open-A 2021"]
[Site "Yerevan"]
[Date "2021.10.21"]
[Round "8.2"]
[White "Narayanan.S.L"]
[Black "Shahinyan, David"]
[Result "1-0"]
[WhiteElo "2647"]
[BlackElo "2469"]
[Annotator "TA"]
[PlyCount "149"]
[EventDate "2021.10.14"]
[EventType "swiss"]
[EventCountry "ARM"]
[SourceTitle "playchess.com"]
[Source "ChessBase"]
[SourceQuality "1"]

{[%evp 13,149,41,47,33,37,42,44,9,6,6,0,0,36,55,45,52,43,54,75,93,197,94,111,83,89,78,76,89,106,79,105,101,120,109,106,101,99,83,118,106,140,122,135,60,109,88,149,148,130,150,175,173,181,170,286,278,322,310,319,269,284,308,325,316,577,571,572,564,646,577,610,559,546,526,646,637,739,717,646,623,631,544,533,531,616,616,562,492,677,642,730,616,616,616,616,616,608,433,433,194,354,354,418,207,402,373,836,832,832,798,5106,746,29983,29983,29983,29984,29984,29985,29985,29984,29984,29985,29985,29986,29989,29989,29989,29981,29985,29981,29980,29981,29986,29987,29987,29988,29992,29993]} 1. d4 Nf6 2. c4 c5 3. d5 g6 4. Nc3 Bg7 5. e4 d6 6. h3 O-O 7. Nf3 e6 8. Be3 {E90: King's Indian: Classical: Early deviations and 6 h3.} Re8 9. Bd3 exd5 10. cxd5 {White is slightly better.} c4 11. Bc2 b5 {[%mdl 64] [#] Decoy} 12. Nxb5 $146 ({Predecessor:} 12. a3 a5 13. Nxb5 Nxe4 14. Bxe4 Rxe4 15. Nc3 Re8 16. O-O Bf5 17. Bd4 Bd3 18. Re1 {1-0 (84) L'Ami,E (2616)-Feygin,M (2474) Netherlands 2019}) 12... Qa5+ 13. Nc3 Nxe4 $1 14. Bxe4 Rxe4 15. O-O Rxe3 16. fxe3 Qb6 (16... Nd7 $16) 17. Nd4 (17. Nd2 $1 $18 {[%cal Rd2c4] has better winning chances.}) 17... Nd7 $16 18. Qf3 Ne5 19. Qf2 Bd7 20. Kh1 h6 21. Rad1 Rf8 22. Rd2 Re8 23. Qh4 f5 24. Qg3 Kh7 25. Nce2 Qa5 26. Rfd1 Qxa2 27. Nf4 $1 Qa5 28. Re2 (28. Nc6 $16 Qb6 29. Nxe5 dxe5 30. Ne6) 28... Qb6 29. Rf1 a5 (29... Rg8 $142) 30. Nfe6 Bxe6 31. Nxe6 ({Much weaker is} 31. dxe6 $6 d5 $11) 31... Qb7 32. e4 $1 fxe4 33. Qe3 Qxd5 {[#]} (33... Rb8 {was necessary.}) 34. Nc7 $1 $18 {[%cal Rc7d5][%mdl 64] Double Attack} Qc6 35. Nxe8 Qxe8 36. Qxe4 Qb5 37. Ref2 a4 38. Qd4 c3 $2 (38... Qb4 {was called for.} 39. Rd1 Qb3) 39. Qxc3 h5 40. Qc7 Qd3 41. Qa7 Qb5 42. Rf4 Qxb2 43. Qxa4 Qc3 44. Qd4 Qa3 45. Rd1 Qg3 46. Qf2 Qb3 47. Rfd4 Nf7 48. Rd5 Kg8 49. R5d3 Qe6 50. Qf3 Be5 51. Rb3 Nh6 52. Rb8+ Kh7 53. Rb7+ Bg7 54. Qd5 Qc8 55. Rf1 Nf5 {Now ...Ng3+ and Black clings on.} 56. Rxf5 gxf5 $2 {[%mdl 4096] Endgame KQR-KQB} (56... Qxf5 {was worth a try.} 57. Qxd6 Kh6 58. Qd2+ g5 59. Qd6+ Bf6 60. Qf8+ Kg6 61. Qg8+ Kh6 62. Qf8+ Kg6 63. Qg8+ Kh6) 57. Kh2 {Hoping for Qf7!} (57. Qf7 Qc1+ 58. Kh2 Qf4+ 59. g3 Qf2+ 60. Kh1 Qf3+ 61. Kh2 Qf2+ 62. Kh1 Qf3+ 63. Kh2 Qf2+ $11) 57... Kh8 {intending ...Be5+.} 58. Qb3 (58. Qf7 {is a self mate.} Be5+ 59. Kg1 Qc1+ 60. Kf2 Bd4+ 61. Kg3 Qg5+ 62. Kh2 Qf4+ 63. Kh1 Qf1+ 64. Kh2 Bg1+ 65. Kh1 Bf2+ 66. Kh2 Qg1#) (58. Kg3 $142) 58... Be5+ $2 (58... Qc5 59. Qd1 Qe5+ 60. Kh1 Qe8) 59. g3 {aiming for Rb8!} d5 $2 (59... Qc5 60. Rb8+ Kh7 61. Qg8+ Kh6 62. Qe6+ {[%mdl 64] Double Attack} Kh7 63. Qxf5+ Kh6 64. Qe6+ Kh7 65. Rb7+ Bg7) 60. Qxd5 Qc2+ {[#]} 61. Qg2 $1 {[%cal Rg2c2]} Qa4 62. Qe2 (62. Qd2 $142 Qe8 63. Qh6+ Kg8 64. Qh7+ Kf8 65. Qxf5+ Kg8 66. Qh7+ Kf8 67. Qf5+ Kg8 68. Qg5+ Kf8 69. Rb1) 62... Bxg3+ 63. Kxg3 {White mates.} h4+ 64. Kg2 Qc6+ 65. Qf3 Qc2+ 66. Kf1 Qc1+ 67. Ke2 Qc2+ 68. Ke3 f4+ 69. Kd4 Qa4+ 70. Kc3 Qa1+ 71. Kc2 Qa2+ 72. Rb2 Qa4+ 73. Kb1 Qe8 74. Qc3+ Kg8 75. Rg2+ {Weighted Error Value: White=0.12/Black=0.27} 1-0

[Event "3rd Yerevan Open-A 2021"]
[Site "Yerevan"]
[Date "2021.10.21"]
[Round "8.3"]
[White "Mikaelyan, Arman"]
[Black "Tahbaz, Arash"]
[Result "1-0"]
[WhiteElo "2487"]
[BlackElo "2459"]
[Annotator "ChessBase"]
[PlyCount "56"]
[EventDate "2021.10.14"]
[EventType "swiss"]
[EventCountry "ARM"]
[SourceTitle "playchess.com"]
[Source "ChessBase"]
[SourceQuality "1"]
[TimeControl "40/5400+30:1800+30"]

1. d4 {[%emt 0:00:06]} Nf6 {[%emt 0:00:14]} 2. c4 {[%emt 0:00:07]} e6 {[%emt 0:00:16]} 3. Nc3 {[%emt 0:00:48]} d5 {[%emt 0:00:12]} 4. Nf3 {[%emt 0:00:53]} Be7 {[%emt 0:00:07]} 5. Bf4 {[%emt 0:00:25]} O-O {[%emt 0:00:07]} 6. e3 {[%emt 0:00:27]} Nbd7 {[%emt 0:00:07]} 7. Be2 {[%emt 0:01:36]} dxc4 {[%emt 0:01:15]} 8. a4 {[%emt 0:02:18]} b6 {[%emt 0:07:48]} 9. Bxc4 {[%emt 0:05:36]} Bb7 {[%emt 0:02:35]} 10. O-O {[%emt 0:00:59]} Nh5 {[%emt 0:04:02]} 11. d5 {[%emt 0:11:36]} Nxf4 {[%emt 0:01:10]} 12. exf4 {[%emt 0:00:09]} exd5 {[%emt 0:00:17]} 13. Bxd5 {[%emt 0:00:36]} c6 {[%emt 0:04:39]} 14. Ba2 {[%emt 0:06:21]} Qc7 {[%emt 0:26:58]} 15. Re1 {[%emt 0:13:50]} Bd6 {[%emt 0:01:53]} 16. Rc1 {[%emt 0:02:04]} a6 {[%emt 0:03:28]} 17. Ng5 {[%emt 0:10:07]} Nf6 {[%emt 0:01:24]} 18. Ne6 {[%emt 0:07:15]} fxe6 {[%emt 0:06:36]} 19. Rxe6 {[%emt 0:00:05]} Kh8 {[%emt 0:02:09]} 20. Qxd6 {[%emt 0:00:16]} Qxd6 {[%emt 0:00:10]} 21. Rxd6 {[%emt 0:00:04]} Rad8 {[%emt 0:00:16]} 22. Rcd1 {[%emt 0:00:51]} Rxd6 {[%emt 0:00:13]} 23. Rxd6 {[%emt 0:00:04]} Re8 {[%emt 0:01:06]} 24. f3 {[%emt 0:00:16]} Re7 {[%emt 0:02:42]} 25. Ne4 {[%emt 0:02:42]} h6 {[%emt 0:08:30]} 26. Nxf6 {[%emt 0:00:51]} gxf6 {[%emt 0:00:05]} 27. Rxf6 {[%emt 0:00:08]} Kg7 {[%emt 0:00:38]} 28. Rd6 {[%emt 0:00:05]} b5 {[%emt 0:25:33]} 1-0

[Event "3rd Yerevan Open-A 2021"]
[Site "Yerevan"]
[Date "2021.10.21"]
[Round "8.4"]
[White "Karthik Venkataraman"]
[Black "Gukesh D"]
[Result "1/2-1/2"]
[WhiteElo "2483"]
[BlackElo "2640"]
[Annotator "TA"]
[PlyCount "52"]
[EventDate "2021.10.14"]
[EventType "swiss"]
[EventCountry "ARM"]
[SourceTitle "playchess.com"]
[Source "ChessBase"]
[SourceQuality "1"]

{[%evp 18,52,12,22,33,29,54,46,68,64,61,47,66,56,139,99,99,89,139,79,192,0,85,0,0,-87,-94,-91,0,0,-2,-1,0,0,10,8,11]} 1. d4 Nf6 2. c4 e6 3. Nf3 d5 4. g3 Be7 5. Bg2 O-O 6. Nc3 c6 7. O-O b6 8. b3 Ba6 9. Qd3 Nbd7 10. Bb2 {[#] 10.e4 is becoming the main line.} Bb4 $146 {E07: Closed Catalan: Main Line (5 Nf3 0-0 6 0-0 Nbd7).} ({Predecessor:} 10... Rc8 11. Rac1 Qc7 12. Rfd1 Rfd8 13. e4 Qb8 14. e5 Ne8 15. Qe3 dxc4 16. Bf1 b5 17. bxc4 bxc4 18. Rb1 {1-0 (54) Oparin,G (2654)-Salgado Lopez,I (2604) Ciudad Real 2021}) 11. a3 Bd6 12. Rfd1 Qe7 {White is slightly better.} 13. e4 dxc4 14. bxc4 {And now e5 would win.} e5 15. Ne2 exd4 ({Black should play} 15... Bc7 $14) 16. Nfxd4 Ne5 17. Qc3 {Nf5 is the strong threat.} Bc7 18. a4 ({White should try} 18. Nf5 Qc5 19. Ned4) 18... Rfd8 {[#]} (18... Rfe8 $16) 19. Nf4 $2 (19. f4 $1 $18) 19... Qd6 (19... Qe8 $11) 20. Qc2 (20. Nd3 $16 {Threatens to win with Nxe5.} Nxd3 21. Qxd3) 20... Qc5 $36 {[%mdl 2048] Black has the initiative.} ({Don't blunder} 20... Bxc4 $2 {[#]} 21. Nde6 $1 $18) 21. Ba3 Qxc4 $17 22. Qxc4 Nxc4 (22... Bxc4 $17 23. Bb2 a6) 23. Nxc6 $11 {The position is equal.} Rxd1+ 24. Rxd1 Bxf4 25. e5 Nxa3 26. exf6 {Strongly threatening Ne7+.} Re8 {Weighted Error Value: White=0.33/Black=0.37} 1/2-1/2

[Event "3rd Yerevan Open-A 2021"]
[Site "Yerevan"]
[Date "2021.10.21"]
[Round "8.5"]
[White "Quparadze, Giga"]
[Black "Petrosian, Tigran L."]
[Result "1-0"]
[WhiteElo "2495"]
[BlackElo "2562"]
[Annotator "ChessBase"]
[PlyCount "81"]
[EventDate "2021.10.14"]
[EventType "swiss"]
[EventCountry "ARM"]
[SourceTitle "playchess.com"]
[Source "ChessBase"]
[SourceQuality "1"]
[TimeControl "40/5400+30:1800+30"]

1. e4 {[%emt 0:00:03]} e5 {[%emt 0:06:26]} 2. Nf3 {[%emt 0:00:06]} Nc6 {[%emt 0:00:06]} 3. Bb5 {[%emt 0:00:04]} Nf6 {[%emt 0:00:05]} 4. Qe2 {[%emt 0:00:20]} d6 {[%emt 0:03:14]} 5. d4 {[%emt 0:00:10]} Bd7 {[%emt 0:01:57]} 6. Bxc6 {[%emt 0:01:49]} Bxc6 {[%emt 0:00:50]} 7. Nc3 {[%emt 0:02:42]} exd4 {[%emt 0:14:06]} 8. Nxd4 {[%emt 0:00:06]} Be7 {[%emt 0:00:16]} 9. e5 {[%emt 0:02:23]} dxe5 {[%emt 0:01:14]} 10. Nxc6 {[%emt 0:00:05]} bxc6 {[%emt 0:00:04]} 11. Qxe5 {[%emt 0:00:06]} O-O {[%emt 0:01:00]} 12. O-O {[%emt 0:00:04]} Re8 {[%emt 0:01:27]} 13. Qg3 {[%emt 0:03:28]} Nd5 {[%emt 0:04:13]} 14. Bd2 {[%emt 0:00:17]} Bd6 {[%emt 0:03:10]} 15. Qf3 {[%emt 0:00:09]} Nb4 {[%emt 0:01:44]} 16. Rad1 {[%emt 0:00:52]} Nxc2 {[%emt 0:01:01]} 17. Qxc6 {[%emt 0:00:06]} Nd4 {[%emt 0:00:25]} 18. Qd5 {[%emt 0:03:45]} Ne2+ {[%emt 0:28:02]} 19. Kh1 {[%emt 0:00:05]} Qh4 {[%emt 0:00:06]} 20. h3 {[%emt 0:00:08]} Rab8 {[%emt 0:05:45]} 21. Rde1 {[%emt 0:02:11]} Nxc3 {[%emt 0:01:04]} 22. Rxe8+ {[%emt 0:00:05]} Rxe8 {[%emt 0:00:04]} 23. Bxc3 {[%emt 0:00:06]} h6 {[%emt 0:01:52]} 24. Kg1 {[%emt 0:01:10]} Re2 {[%emt 0:18:05]} 25. Qa8+ {[%emt 0:00:50]} Kh7 {[%emt 0:00:03]} 26. Qxa7 {[%emt 0:01:59]} Re4 {[%emt 0:01:00]} 27. Re1 {[%emt 0:02:48]} Qf4 {[%emt 0:01:19]} 28. Rxe4 {[%emt 0:00:22]} Qxe4 {[%emt 0:00:04]} 29. g3 {[%emt 0:00:04]} f6 {[%emt 0:02:19]} 30. a4 {[%emt 0:01:27]} Qb1+ {[%emt 0:01:42]} 31. Kh2 {[%emt 0:00:09]} Qc2 {[%emt 0:01:16]} 32. Bd4 {[%emt 0:04:50]} h5 {[%emt 0:01:40]} 33. Qa5 {[%emt 0:01:37]} h4 {[%emt 0:00:47]} 34. Qh5+ {[%emt 0:00:14]} Kg8 {[%emt 0:00:04]} 35. Qxh4 {[%emt 0:00:22]} c5 {[%emt 0:00:58]} 36. Be3 {[%emt 0:00:08]} Qxb2 {[%emt 0:00:31]} 37. Qc4+ {[%emt 0:00:33]} Kh8 {[%emt 0:00:09]} 38. Bxc5 {[%emt 0:00:11]} Be5 {[%emt 0:00:37]} 39. a5 {[%emt 0:00:30]} Qb7 {[%emt 0:00:20]} 40. a6 {[%emt 0:00:00]} Qf3 {[%emt 0:00:00]} 41. a7 {[%emt 0:00:36]} 1-0

[Event "3rd Yerevan Open-A 2021"]
[Site "Yerevan"]
[Date "2021.10.21"]
[Round "8.6"]
[White "Shyaamnikhil P"]
[Black "Goganov, Aleksey"]
[Result "1/2-1/2"]
[WhiteElo "2453"]
[BlackElo "2557"]
[Annotator "TA"]
[PlyCount "42"]
[EventDate "2021.10.14"]
[EventType "swiss"]
[EventCountry "ARM"]
[SourceTitle "playchess.com"]
[Source "ChessBase"]
[SourceQuality "1"]

{[%evp 21,42,0,14,2,20,0,0,0,0,0,8,11,12,11,21,24,54,20,21,10,8,8,16]} 1. e4 e5 2. Nf3 Nc6 3. Bb5 a6 4. Ba4 Nf6 5. O-O Bc5 6. c3 b5 7. Bb3 d6 8. d4 Bb6 9. Be3 O-O 10. Nbd2 h6 11. h3 Re8 12. Re1 {C78: Ruy Lopez: Archangelsk and Möller Defences.} Rb8 {[#]} (12... exd4 {is more complex.} 13. cxd4 Na5 14. Bc2 Bb7 15. Qb1 Qe7) 13. dxe5 $146 (13. Bc2 {is interesting.} Bb7 14. a3 exd4 15. cxd4 Na5 16. Bf4) ({Predecessor:} 13. a3 Bb7 14. Bc2 Nd7 15. Nf1 Ne7 16. Ng3 Ng6 17. Qd2 exd4 18. cxd4 Nf6 19. Bxh6 gxh6 20. Qxh6 {1-0 (33) Vazquez,G (3010)-Praggnanandhaa,R (2779) Chess.com INT 2020}) 13... Nxe5 14. Nxe5 dxe5 15. Nf1 Qxd1 16. Raxd1 Bxe3 17. Nxe3 Bb7 18. f3 Rbd8 19. Rxd8 Rxd8 {The position is equal.} 20. Rd1 Rxd1+ 21. Bxd1 Kf8 {Weighted Error Value: White=0.10/Black=0.09} 1/2-1/2